Detalles MARC
| 000 -LIDER |
| fixed length control field |
01778nam a2200481 a 4500 |
| 001 - NÚMERO DE CONTROL |
| Identificador de número de control |
000004627 |
| 003 - IDENTIFICACDOR DE NÚMERO DE CONTROL |
| control field |
DO-SdBNP |
| 005 - DATE AND TIME OF LATEST TRANSACTION |
| control field |
20171009125914.0 |
| 007 - CAMPOS FIJOS DE DESCRIPCIÓN FÍSICA |
| fixed length control field |
000004627 |
| 008 - ELEMENTOS DE LONGITUD FIJA |
| fixed length control field |
090724s2000 dr a 000 0 spa d |
| 020 ## - ISBN |
| International Standard Book Number |
9993410373 |
| 040 ## - FUENTE DE CATALOGACIÓN |
| Agencia que crea de manera original el registro |
BPMSU |
| Idioma de catalogación |
spa |
| Agencia que realiza la transcripción |
BPMSU |
| 082 #4 - NÚMERO DE CLASIFICACIÓN DECIMAL DE DEWEY |
| Classification number |
923.57293 |
| Item number |
P977C, 2006 |
| 100 1# - ASIENTO PRINCIPAL -- NOMBRE PERSONAL |
| Nombre personal |
Cassá, Roberto, |
| Fechas asociadas con el nombre |
1948- |
| 245 10 - MENCIÓN DE TITULO |
| Título |
José Joaquín Puello : |
| Subtítulo |
tribuno del pueblo / |
| Mención de responsabilidad |
Roberto Cassá. |
| 250 ## - MENCIÓN DE EDICION |
| Mención de edición |
2a. ed. |
| 260 ## - PUBLICACIÓN, DISTRIBUCIÓN, ETC. (PIE DE IMPRENTA) |
| Lugar de publicación, distribución, etc |
Santo Domingo : |
| Nombre del editor, distribuidor, etc. |
Topogán, |
| Fecha de publicación, distribución, etc |
2006 |
| 300 ## - DESCRIPCIÓN FÍSICA |
| Extensión |
43 p. : |
| Otros detalles físicos |
il. ; |
| Dimensiones |
21 cm. |
| 490 1# - MENCIÓN DE SERIES |
| Mención de serie |
Biografías Dominicana Tobagán |
| 504 ## - NOTA DE BIBLIOGRAFÍA, ETC. |
| Bibliography, etc |
Bibliografía: p. 43 |
| 600 14 - ENCABEZAMIENTO DE MATERIA--NOMBRE PERSONAL |
| Nombre personal |
PUELLO Y CASTRO, JOSÉ JOAQUÍN, |
| Fechas asociadas con el nombre |
1808-1847 |
| 651 #4 - ENCABEZAMIENTO DE MATERIA--NOMBRE GEOGRÁFICO |
| Nombre geográfico |
REPÚBLICA DOMINICANA |
| Subdivisión temática general |
HISTORIA |
| Subdivisión cronológica |
40OCUPACIÓN HAITIANA 1822-1844 |
| 830 #0 - ASIENTO SECUNDARIO DE SERIE--TÍTULO UNIFORME |
| Título uniforme |
Biografías Dominicana Tobagán |
| 910 ## - VALIDACIÓN |
| Validación |
Validado. Control de calidad BNPHU |
| 930 #1 - EQUIVALENCE OR CROSS-REFERENCE-UNIFORM TITLE HEADING [LOCAL, CANADA] |
| Language of a work |
BND01 |
| Medium of performance for music |
LF1 |
| Medium |
923.57293 |
| Field link and sequence number |
20110707 |
| Date of a work |
04 |
| Name of part/section of a work |
HD |
| Miscellaneous information |
1480 |
| Medium |
e. 3 |
| 930 #1 - EQUIVALENCE OR CROSS-REFERENCE-UNIFORM TITLE HEADING [LOCAL, CANADA] |
| Language of a work |
BND01 |
| Medium of performance for music |
LF1 |
| Medium |
923.57293 |
| Field link and sequence number |
20090724 |
| Date of a work |
01 |
| Name of part/section of a work |
HD |
| Miscellaneous information |
1480 |
| 930 #1 - EQUIVALENCE OR CROSS-REFERENCE-UNIFORM TITLE HEADING [LOCAL, CANADA] |
| Language of a work |
BND01 |
| Medium of performance for music |
LF1 |
| Medium |
923.57293 |
| Field link and sequence number |
20110707 |
| Date of a work |
01 |
| Name of part/section of a work |
HD |
| Miscellaneous information |
1480 |
| Medium |
e. 2 |
| 942 ## - ADDED ENTRY ELEMENTS (KOHA) |
| Source of classification or shelving scheme |
Dewey Decimal Classification |
| Koha item type |
Libros |
| 945 ## - INFORMACIÓN DE PROCESAMIENTO LOCAL |
| Información de procesamiento local |
Inventariado, 2017/MFF |
| 956 ## - LOCAL ELECTRONIC LOCATION AND ACCESS (OCLC) |
| Nombre de host |
AVARGAS |
| Número de acceso |
10 |
| Información de compresión |
20090724 |
| Inicio de sesión |
BND01 |
| Procesador de solicitud |
0918 |
| 956 ## - LOCAL ELECTRONIC LOCATION AND ACCESS (OCLC) |
| Nombre de host |
MFILETO |
| Número de acceso |
10 |
| Información de compresión |
20090828 |
| Inicio de sesión |
BND01 |
| Procesador de solicitud |
1427 |
| 956 ## - LOCAL ELECTRONIC LOCATION AND ACCESS (OCLC) |
| Nombre de host |
MFILETO |
| Número de acceso |
10 |
| Información de compresión |
20090828 |
| Inicio de sesión |
BND01 |
| Procesador de solicitud |
1437 |
| 956 ## - LOCAL ELECTRONIC LOCATION AND ACCESS (OCLC) |
| Nombre de host |
MMOLINA |
| Número de acceso |
40 |
| Información de compresión |
20090829 |
| Inicio de sesión |
BND01 |
| Procesador de solicitud |
0753 |
| 956 ## - LOCAL ELECTRONIC LOCATION AND ACCESS (OCLC) |
| Nombre de host |
BATCH |
| Número de acceso |
00 |
| Información de compresión |
20091013 |
| Inicio de sesión |
BND01 |
| Procesador de solicitud |
1512 |
| 956 ## - LOCAL ELECTRONIC LOCATION AND ACCESS (OCLC) |
| Nombre de host |
BATCH |
| Número de acceso |
00 |
| Información de compresión |
20100216 |
| Inicio de sesión |
BND01 |
| Procesador de solicitud |
1119 |
| 956 ## - LOCAL ELECTRONIC LOCATION AND ACCESS (OCLC) |
| Nombre de host |
BTAVAREZ |
| Número de acceso |
10 |
| Información de compresión |
20100413 |
| Inicio de sesión |
BND01 |
| Procesador de solicitud |
1011 |
| 956 ## - LOCAL ELECTRONIC LOCATION AND ACCESS (OCLC) |
| Nombre de host |
MMOLINA |
| Número de acceso |
30 |
| Información de compresión |
20100702 |
| Inicio de sesión |
BND01 |
| Procesador de solicitud |
1543 |
| 956 ## - LOCAL ELECTRONIC LOCATION AND ACCESS (OCLC) |
| Nombre de host |
MMOLINA |
| Número de acceso |
30 |
| Información de compresión |
20100721 |
| Inicio de sesión |
BND01 |
| Procesador de solicitud |
1127 |
| 956 ## - LOCAL ELECTRONIC LOCATION AND ACCESS (OCLC) |
| Nombre de host |
MMOLINA |
| Número de acceso |
10 |
| Información de compresión |
20110707 |
| Inicio de sesión |
BND01 |
| Procesador de solicitud |
1601 |
| 956 ## - LOCAL ELECTRONIC LOCATION AND ACCESS (OCLC) |
| Nombre de host |
MMOLINA |
| Número de acceso |
40 |
| Información de compresión |
20110718 |
| Inicio de sesión |
BND01 |
| Procesador de solicitud |
0953 |
| 956 ## - LOCAL ELECTRONIC LOCATION AND ACCESS (OCLC) |
| Nombre de host |
MMOLINA |
| Número de acceso |
40 |
| Información de compresión |
20110718 |
| Inicio de sesión |
BND01 |
| Procesador de solicitud |
0956 |
| 956 ## - LOCAL ELECTRONIC LOCATION AND ACCESS (OCLC) |
| Nombre de host |
MMOLINA |
| Número de acceso |
40 |
| Información de compresión |
20110718 |
| Inicio de sesión |
BND01 |
| Procesador de solicitud |
1354 |